Hidden Treasures; Or, Why Some Succeed While Others Fail (Record no. 249406)
[ view plain ]
| 000 -LEADER | |
|---|---|
| fixed length control field | 02369cam a22002533a 4500 |
| 001 - CONTROL NUMBER | |
| control field | 20151 |
| 003 - CONTROL NUMBER IDENTIFIER | |
| control field | PGUSA |
| 005 - DATE AND TIME OF LATEST TRANSACTION | |
| control field | 20140828083427.0 |
| 008 - FIXED-LENGTH DATA ELEMENTS--GENERAL INFORMATION | |
| fixed length control field | 061220s2006||||xxu|||||s|||||000 | eng d |
| 040 ## - CATALOGING SOURCE | |
| Original cataloging agency | PGUSA |
| Language of cataloging | eng |
| 042 ## - AUTHENTICATION CODE | |
| Authentication code | dc |
| 050 #4 - LIBRARY OF CONGRESS CALL NUMBER | |
| Classification number | BJ |
| 100 1# - MAIN ENTRY--PERSONAL NAME | |
| Personal name | Lewis, Harry A. |
| 245 10 - TITLE STATEMENT | |
| Title | Hidden Treasures; Or, Why Some Succeed While Others Fail |
| Medium | [electronic resource] / |
| Statement of responsibility, etc | Harry A. Lewis |
| 260 ## - PUBLICATION, DISTRIBUTION, ETC. (IMPRINT) | |
| Name of publisher, distributor, etc | Project Gutenberg, |
| Date of publication, distribution, etc | 2006 |
| 505 0# - FORMATTED CONTENTS NOTE | |
| Formatted contents note | Preface -- Introduction -- Quotations -- Daniel Drew -- Russell Sage -- Cornelius Vanderbilt -- Amos Lawrence -- Horace B. Claflin -- William E. Dodge -- Jay Gould -- John Wannamaker -- Alexander T. Stewart -- Nicholas Longworth -- Robert Bonner -- William G. Fargo -- James C. Flood -- John W. MacKay -- James C. Fair -- Horace Greeley -- Thurlow Weed -- George W. Childs -- James Gordon Bennett -- Phineas T. Barnum -- Mathew Vassar -- John Jacob Astor -- Potter Palmer -- James Harper -- Henry Disston -- Peter Cooper -- George Law -- Darius O. Mills -- Stephen Girard -- Moses Taylor -- William C. Ralston -- George Peabody -- William W. Corcoran -- Nathan Mayer Rothschild -- John Adams -- Thomas Jefferson -- John Marshall -- Alexander Hamilton -- James Madison -- James Monroe -- Lewis Cass -- John C. Calhoun -- Robert Y. Hayne -- Daniel Webster -- Andrew Jackson -- Thomas H. Benton -- Henry Clay -- Martin Van Buren -- Stephen Arnold Douglass -- Abbott Lawrence -- Alexander H. Stephens -- Millard Fillmore -- William H. Seward -- Horatio Seymour -- Winfield S. Hancock -- George B. McClellan -- Ulysses Simpson Grant -- Stonewall Jackson -- General Robert E. Lee -- Henry Wilson -- Abraham Lincoln -- Edward Everett -- Edwin M. Stanton -- Andrew Johnson -- James A. Garfield -- Chester A. Arthur -- John A. Logan -- James G. Blaine -- Samuel J. Tilden -- Henry Ward Beecher -- James Watt -- George Stephenson -- Benjamin Franklin -- Eli Whitney -- Robert Fulton -- Elias Howe, Jr. -- Isaac M. Singer -- Richard M. Hoe -- Charles Goodyear -- Prof. S. F. B. Morse -- Cyrus W. Field -- George M. Pullman -- Thomas A. Edison -- Why some succeed while others fail. |
| 506 ## - RESTRICTIONS ON ACCESS NOTE | |
| Terms governing access | Public domain in the USA. |
| 516 ## - TYPE OF COMPUTER FILE OR DATA NOTE | |
| Type of computer file or data note | Electronic text |
| 653 ## - INDEX TERM--UNCONTROLLED | |
| Uncontrolled term | Success |
| 653 ## - INDEX TERM--UNCONTROLLED | |
| Uncontrolled term | United States -- Biography |
| 830 #0 - SERIES ADDED ENTRY--UNIFORM TITLE | |
| Uniform title | Project Gutenberg |
| Volume number/sequential designation | 20151 |
| 856 40 - ELECTRONIC LOCATION AND ACCESS | |
| Uniform Resource Identifier | <a href="http://www.gutenberg.org/ebooks/20151">http://www.gutenberg.org/ebooks/20151</a> |
| 942 ## - ADDED ENTRY ELEMENTS (KOHA) | |
| Koha item type | eBooks |
| Withdrawn status | Lost status | Damaged status | Home library | Current library | Date acquired | Total Checkouts | Date last seen | Price effective from | Koha item type |
|---|---|---|---|---|---|---|---|---|---|
| Project Gutenberg | Project Gutenberg | 08/28/2014 | 08/28/2014 | 08/28/2014 | eBooks |